Personnel management: a human resource approach. (4th ed.) (Record no. 81828)
[ view plain ]
| 000 -LEADER | |
|---|---|
| fixed length control field | 00954nam a2200205 a 4500 |
| 008 - FIXED-LENGTH DATA ELEMENTS--GENERAL INFORMATION | |
| fixed length control field | 120416s1981 ||||||||||||||||| || u |
| 020 ## - INTERNATIONAL STANDARD BOOK NUMBER | |
| International Standard Book Number | 0256025118 |
| 050 ## - LIBRARY OF CONGRESS CALL NUMBER | |
| Classification number | HF 5549 Meg |
| 100 ## - MAIN ENTRY--PERSONAL NAME | |
| Personal name | Megginson, Leon C |
| 245 10 - TITLE STATEMENT | |
| Title | Personnel management: a human resource approach. (4th ed.) |
| 250 ## - EDITION STATEMENT | |
| Edition statement | 4th ed. |
| 260 ## - PUBLICATION, DISTRIBUTION, ETC. | |
| Place of publication, distribution, etc. | Homewood, [Ill.] |
| Name of publisher, distributor, etc. | R.D. Irwin |
| Date of publication, distribution, etc. | 1981 |
| 300 ## - PHYSICAL DESCRIPTION | |
| Extent | xvi, 611p.: ill. |
| 350 ## - | |
| -- | 0.00 |
| 490 ## - | |
| -- | The Irwin series in management and the behavioral sciences |
| 500 ## - GENERAL NOTE | |
| General note | Third ed. published as: Personnel and human resources administration. 1977. -Includes bibliographies and indexes. |
| 650 #0 - SUBJECT ADDED ENTRY--TOPICAL TERM | |
| Topical term or geographic name entry element | PERSONNEL MANAGEMENT |
| 995 ## - | |
| -- | MAIN LIBRARY OPEN ACCESS |
| -- | 0.00 |
| -- | 006156 |
| -- | CBU-MAIN LIBRARY (Kitwe) |
| -- | 1 |
| -- | 22.95 |
| -- | HF 5549 Meg |
| -- | AVAILABLE |
| -- | 006156 |
| -- | Main Library Open Access Collection |
| 995 ## - | |
| -- | BINDERY (DAMAGED) |
| -- | 0.00 |
| -- | 710830 |
| -- | CBU-MAIN LIBRARY (Kitwe) |
| -- | 2 |
| -- | 22.95 |
| -- | HF 5549 Meg |
| -- | DAMAGED |
| -- | 006157 |
| -- | Main Library Open Access Collection |
| 999 ## - | |
| -- | 81828 |
| -- | 81828 |
| Withdrawn status | Lost status | Source of classification or shelving scheme | Damaged status | Not for loan | Permanent Location | Current Location | Shelving location | Date acquired | Total Checkouts | Full call number | Barcode | Date last seen | Copy number | Price effective from | Koha item type |
|---|---|---|---|---|---|---|---|---|---|---|---|---|---|---|---|
| CBU-MAIN LIBRARY, KITWE. | CBU-MAIN LIBRARY, KITWE. | 09/12/2023 | HF 5549 Meg | 006156 | 09/12/2023 | 1 | 09/12/2023 | MONOGRAPH | |||||||
| CBU-MAIN LIBRARY, KITWE. | CBU-MAIN LIBRARY, KITWE. | 09/12/2023 | HF 5549 Meg | 006157 | 09/12/2023 | 2 | 09/12/2023 | MONOGRAPH |